000 01363cam a2200349 a 4500
001 4868657
003 OSt
005 20260205110314.0
008 920430s1993 enka b 001 0 eng
020 _a0521432596
_qhardback
020 _a0521438454
_qpbk.
020 _a9780521438452
_q(pbk.)
040 _aKABLIB
_cKABLIB
_beng
_erda
082 0 0 _a338.98
_223
_bPER
100 1 _aPereira, Luiz Carlos Bresser.
_915136
245 1 0 _aEconomic reforms in new democracies :
_ba social-democratic approach /
_cLuiz Carlos Bresser Pereira, José María Maravall, Adam Przeworski.
260 _aCambridge [England] ;
_aNew York
_bCambridge University Press,
_c1993.
300 _avii, 227 p. :
_bill. ;
_c24 cm.
504 _aIncludes bibliographical references and indexes.
650 0 _aMixed economy
_zLatin America.
_915137
650 0 _aNew democracies
_zLatin America.
_915138
650 0 _aMixed economy
_zEurope, Southern.
_915139
650 0 _aDemocracy
_zEurope, Southern.
_915140
650 0 _aPost-communism
_zEurope, Eastern.
_915141
650 0 _aDemocracy
_zEurope, Eastern.
_915142
651 0 _aLatin America
_xEconomic policy.
_915143
651 0 _aEurope, Southern
_xEconomic policy.
_915144
651 0 _aEurope, Eastern
_xEconomic policy.
_915145
700 1 _aMaravall, José María.
_915146
700 1 _aPrzeworski, Adam.
_915147
942 _2ddc
_cBOOK
999 _c5999
_d5999